| 000 | 00720 a2200205 4500 | ||
|---|---|---|---|
| 005 | 20080828125631.0 | ||
| 008 | 080828t xxu||||| |||| 00| p eng d | ||
| 010 | _aENG-87364 | ||
| 020 |
_c350.00 _a8190475303 |
||
| 035 | _aEN-70897 | ||
| 037 | _bDBAD / PUB | ||
| 082 | _a881 | ||
| 100 | _aJain, Sunita | ||
| 245 |
_aSensum _cby Sunita Jain _bCollected poems (1965-2000) |
||
| 260 |
_aNew Delhi _bRead Books _c2007 |
||
| 270 |
_aG-31, Commercial Complex Sheikh Sarai, Phase-I, _bNew Delhi _e110 017 |
||
| 300 |
_a158p. _c22cm (Hb) |
||
| 942 |
_adpl _cEN _k881 / JAI _2ddc _h881 _mJAI |
||
| 999 |
_c6480 _d6480 |
||